00882nam a2200241 i 450000100060000000300090000600500170001500700030003200800410003502000180007608000100009424501400010425000120024426000750025630000220033149000720035350400320042565000310045765000360048870000330052483000500055785200330060713865ES-MaACL20250822035938.0t|980715s1996 sp ||||1| spa d a84-7658-449-0 a316.600aIntervención psicosocial b: elementos de programación y evaluación socialmente eficaces / cCésar San Juan Guillén (coord.). a1ª ed. aBarcelona : bAnthropos ; aSanta Fe de Bogotá : bUniandes, c1996. a268 p. ; c20 cm.1 aAutores, textos y temas. Psicología ; v23. aPsicología social aBibliografía: p. 249-266.17aPsicología social2embne17aPsicología comunitaria2embne1 aSan Juan Guillén, César.00aAutores, textos y temas. pPsicologíav23.  aES-MaACLjL-21140 bR.125793